洄瀾 : 相逢巨流河

資料類型: Book 圖書   書目號:47233

Leader xxxxxxxxxx
005 __ 20140314084120.0
010 0_ |a978-986-320-386-5|b軟皮精裝|dNT$450
020 __ |atw|b103000288
042 __ |anbic
100 __ |a20140616d2014    km y0chiy50      e
101 0_ |achi
102 __ |atw
105 __ |ay   z   000cy
200 1_ |a洄瀾|e相逢巨流河|f齊邦媛編著
205 __ |a一版二印
210 __ |a臺北市|c遠見天下文化|d2014[民103]
215 0_ |a391面|d22公分
225 2_ |a華文創作|v82
410 _0 |12001 |a華文創作|v82
681 __ |a855.48|y103
700 _1 |a|b邦媛|4編著
681 __ |a855.48|b8479
801 _0 |atw|b內湖高中|c20140616|gCCR
詳細館藏(共 1 筆)
索 書 號登 錄 號冊次號館別 / 館藏地流通類型狀態加入預約清單電子資源
855.48 / 8479 1021662  圖書館 / 一樓普通區 可外借30天 在館   

| 條列資料




目錄查詢 分類查詢 個人資料 圖書薦購 新書查詢 閉館日 排行榜 更多電子資源 Hami書城 線上資料庫 登出

From : 216.73.217.87

  本日流通累計至 06:28:39 借閱 : 0 次 續借 : 0 次 歸還 : 0 次 預約 : 0 次 電子資源 : 0 次


內湖高中圖書館  PCLIS 版本  26.5.0.12